[Event "CRO-chT1B 30th"]
[Site "Porec"]
[Date "2022.09.28"]
[Round "5.52"]
[White "Maksimovic, Bojan"]
[Black "Sprenger, Jan Michael"]
[Result "1/2-1/2"]
[WhiteElo "2468"]
[BlackElo "2475"]
[PlyCount "133"]
[EventDate "2022.09.24"]
[EventType "team-tourn"]
[EventRounds "9"]
[EventCountry "CRO"]
[SourceTitle "CBM 210 Extra"]
[Source "ChessBase"]
[SourceDate "2022.11.30"]
[SourceVersion "1"]
[SourceVersionDate "2022.11.30"]
[SourceQuality "1"]
[WhiteTeam "Sveta Nedelja"]
[BlackTeam "Split Brda"]
[WhiteTeamCountry "CRO"]
[BlackTeamCountry "CRO"]

1. e4 c5 2. Nf3 e6 3. d4 cxd4 4. Nxd4 a6 5. Nc3 Qc7 6. Qd3 Nf6 7. Qg3 Qxg3 8. hxg3 d6 9. f3 b5 10. a3 Bb7 11. g4 Nfd7 12. Be3 Be7 13. Be2 0-0 14. Kf2 Nc6 15. Nxc6 Bxc6 16. Rh5 Rfc8 17. Rah1 Nf8 18. Rd1 Ng6 19. g3 Rab8 20. Bd3 Ne5 21. Rdh1 Nxd3+ 22. cxd3 h6 23. g5 b4 24. axb4 Rxb4 25. gxh6 g6 26. Ra5 Bb5 27. Bc1 Bxd3 28. Rd1 Bc4 29. g4 f6 30. f4 Bd8 31. Ra3 Bb6+ 32. Kf3 d5 33. exd5 exd5 34. Rxd5 a5 35. Rd6 Kf7 36. g5 fxg5 37. fxg5 Be6 38. Rxb6 Rxb6 39. Rxa5 Kg8 40. Ra7 Rf8+ 41. Ke3 Re8 42. Kd3 Rd6+ 43. Kc2 Rd7 44. Rxd7 Bxd7 45. b4 Bf5+ 46. Kb2 Rb8 47. Nd5 Kf7 48. Be3 Be4 49. Nb6 Bc6 50. Kc3 Bb5 51. Bd4 Kg8 52. Nd5 Rc8+ 53. Bc5 Rd8 54. Nf4 Kh7 55. Ne6 Rd3+ 56. Kc2 Kg8 57. Nd4 Bc4 58. Nc6 Rg3 59. Be7 Bd3+ 60. Kd2 Bb5 61. Ne5 Kh7 62. Bf6 Rb3 63. Be7 Rg3 64. Kc2 Ba4+ 65. Kc1 Re3 66. Bf6 Re4 67. Nd3 1/2-1/2

[Event "Bundesliga 2122"]
[Site "Germany"]
[Date "2022.05.01"]
[Round "6.5"]
[White "Sprenger, Jan Michael"]
[Black "Heimann, Andreas"]
[Result "0-1"]
[WhiteElo "2483"]
[BlackElo "2581"]
[PlyCount "84"]
[EventDate "2022.03.05"]
[EventType "team-tourn"]
[EventRounds "15"]
[EventCountry "GER"]
[SourceTitle "EXT 2023"]
[Source "ChessBase"]
[SourceDate "2022.10.05"]
[SourceVersion "1"]
[SourceVersionDate "2022.10.05"]
[SourceQuality "1"]
[WhiteTeam "Berlin SF"]
[BlackTeam "Deizisau"]
[WhiteTeamCountry "GER"]
[BlackTeamCountry "GER"]

1. e4 e5 2. Nf3 Nc6 3. Bb5 Nf6 4. 0-0 Nxe4 5. Re1 Nd6 6. Nxe5 Be7 7. Bf1 0-0 8. Nf3 Nf5 9. d4 d5 10. c3 Bd6 11. Bd3 Re8 12. Rxe8+ Qxe8 13. Nbd2 f6 14. Nf1 Qf7 15. Qc2 g6 16. Bd2 Bd7 17. Ne3 Nxe3 18. fxe3 Ne7 19. c4 dxc4 20. Bxc4 Be6 21. b3 Bxc4 22. bxc4 c5 23. d5 g5 24. Bc3 Ng6 25. Qf5 Rf8 26. Re1 Qe7 27. e4 Be5 28. Bd2 Re8 29. Nxe5 Nxe5 30. Bc3 b6 31. Rf1 Nxc4 32. Bxf6 Qxe4 33. Qd7 Qg6 34. Bc3 Nd6 35. Qxa7 Nb5 36. Qb7 Nxc3 37. d6 Qe6 38. Qxb6 Qe3+ 39. Kh1 Ne4 40. d7 Nf2+ 41. Kg1 Nh3+ 42. Kh1 Qg1+ 0-1

[Event "CRO-chT1B 29th"]
[Site "Mali Losinj"]
[Date "2021.09.26"]
[Round "3.42"]
[White "Plenkovic, Zdenko"]
[Black "Sprenger, Jan Michael"]
[Result "0-1"]
[WhiteElo "2377"]
[BlackElo "2480"]
[PlyCount "74"]
[EventDate "2021.09.25"]
[EventType "team-tourn"]
[EventRounds "11"]
[EventCountry "CRO"]
[SourceTitle "CBM 204 Extra"]
[Source "ChessBase"]
[SourceDate "2021.11.30"]
[SourceVersion "1"]
[SourceVersionDate "2021.11.30"]
[SourceQuality "1"]
[WhiteTeam "Dubrovnik"]
[BlackTeam "Split Brda"]
[WhiteTeamCountry "CRO"]
[BlackTeamCountry "CRO"]

1. e4 c5 2. Nf3 e6 3. d4 cxd4 4. Nxd4 a6 5. Bd3 Bc5 6. Be3 d6 7. Nc3 Nd7 8. 0-0 Ngf6 9. h3 b5 10. b4 Bxb4 11. Nc6 Qc7 12. Nxb4 Qxc3 13. Bd2 Qc5 14. a4 bxa4 15. Rxa4 a5 16. Qa1 0-0 17. Be3 Qc7 18. Na2 Bb7 19. Nc3 Bc6 20. Nb5 Bxb5 21. Bxb5 Nc5 22. e5 Nxa4 23. exf6 Nc3 24. Bd3 e5 25. Qc1 Nd5 26. Bh6 g6 27. Qg5 Rfe8 28. Qh4 Re6 29. Be4 Qc4 30. Bg5 h5 31. Bxd5 Qxd5 32. g4 Qf3 33. Kh2 Rb8 34. Rg1 Rb4 35. c3 Rf4 36. Rg2 a4 37. Kg1 Re4 0-1

[Event "EU-Cup 35th"]
[Site "Ulcinj"]
[Date "2019.11.13"]
[Round "4.12"]
[White "Sprenger, Jan Michael"]
[Black "Bratkovic, Jakob"]
[Result "1/2-1/2"]
[WhiteElo "2492"]
[BlackElo "2308"]
[PlyCount "62"]
[EventDate "2019.11.10"]
[EventType "team-swiss"]
[EventRounds "7"]
[EventCountry "MNE"]
[SourceTitle "CBM 193 Extra"]
[Source "ChessBase"]
[SourceDate "2020.01.31"]
[SourceVersion "1"]
[SourceVersionDate "2020.01.31"]
[SourceQuality "1"]
[WhiteTeam "Leiden LSG"]
[BlackTeam "Maribor"]
[WhiteTeamCountry "NED"]
[BlackTeamCountry "SLO"]

1. e4 e5 2. Nf3 Nc6 3. Bb5 a6 4. Ba4 Nf6 5. 0-0 Be7 6. Re1 b5 7. Bb3 0-0 8. a4 Bb7 9. d3 d6 10. Bd2 Nb8 11. axb5 axb5 12. Rxa8 Bxa8 13. Na3 Qd7 14. c4 c6 15. d4 exd4 16. e5 dxe5 17. Nxe5 Qb7 18. cxb5 cxb5 19. Qf3 Qxf3 20. Nxf3 Ne4 21. Nxb5 Nxd2 22. Nxd2 Bb4 23. Rd1 Rd8 24. Nc4 Nc6 25. Bc2 Bc5 26. Be4 Na5 27. Nd2 Rb8 28. Bxa8 Rxb5 29. b3 Bb4 30. Nf3 Nxb3 31. Nxd4 Nxd4 1/2-1/2

[Event "EU-Cup 35th"]
[Site "Ulcinj"]
[Date "2019.11.10"]
[Round "1.19"]
[White "Sprenger, Jan Michael"]
[Black "Tomic, Aleksandar1"]
[Result "1/2-1/2"]
[WhiteElo "2492"]
[BlackElo "2364"]
[PlyCount "81"]
[EventDate "2019.11.10"]
[EventType "team-swiss"]
[EventRounds "7"]
[EventCountry "MNE"]
[SourceTitle "CBM 193 Extra"]
[Source "ChessBase"]
[SourceDate "2020.01.31"]
[SourceVersion "1"]
[SourceVersionDate "2020.01.31"]
[SourceQuality "1"]
[WhiteTeam "Leiden LSG"]
[BlackTeam "Crnogorac"]
[WhiteTeamCountry "NED"]
[BlackTeamCountry "MNE"]

1. e4 c5 2. Nf3 e6 3. d4 cxd4 4. Nxd4 a6 5. Nc3 Qc7 6. Bd3 Nf6 7. 0-0 Bc5 8. Nb3 Be7 9. f4 d6 10. e5 dxe5 11. fxe5 Nfd7 12. Qg4 g6 13. Bh6 Nxe5 14. Qg3 f5 15. Bg7 Bc5+ 16. Nxc5 Qxg7 17. N3a4 Nbc6 18. Nb6 Rb8 19. Nxc8 Rxc8 20. Rae1 Qe7 21. b4 Qd6 22. Nxb7 Qd4+ 23. Kh1 0-0 24. Nc5 Qxb4 25. Nxe6 Nxd3 26. Qxd3 Rfe8 27. Qxa6 Nb8 28. Qd3 Rc6 29. Rb1 Qc4 30. Nf4 Qxd3 31. cxd3 Ra6 32. Rb7 Nc6 33. Nd5 Na5 34. Rd7 Rae6 35. Kg1 Nc6 36. d4 Rd8 37. Rxd8+ Nxd8 38. Rc1 Rd6 39. Rc5 Ne6 40. Ra5 Nxd4 41. Kf2 1/2-1/2

[Event "Bundesliga 1819"]
[Site "Germany"]
[Date "2019.02.02"]
[Round "7.4"]
[White "L'Ami, Erwin"]
[Black "Sprenger, Jan Michael"]
[Result "1-0"]
[WhiteElo "2644"]
[BlackElo "2490"]
[PlyCount "193"]
[EventDate "2018.11.10"]
[EventType "team-tourn"]
[EventRounds "15"]
[EventCountry "GER"]
[SourceTitle "CBM 188 Extra"]
[Source "ChessBase"]
[SourceDate "2019.02.28"]
[SourceVersion "1"]
[SourceVersionDate "2019.02.28"]
[SourceQuality "1"]
[WhiteTeam "Solingen"]
[BlackTeam "Berlin SF"]
[WhiteTeamCountry "GER"]
[BlackTeamCountry "GER"]

1. d4 Nf6 2. c4 e6 3. Nf3 b6 4. g3 Ba6 5. b3 Bb4+ 6. Bd2 Be7 7. Bg2 c6 8. Bc3 d5 9. 0-0 0-0 10. Nbd2 Nbd7 11. Re1 c5 12. e4 Nxe4 13. Nxe4 dxe4 14. Rxe4 Bb7 15. Re2 Bf6 16. Rd2 Qe7 17. Qe2 Rad8 18. Rad1 h6 19. h4 cxd4 20. Nxd4 Nc5 21. Bf3 a6 22. Kg2 Qc7 23. Qe3 Rc8 24. Ne2 Bxc3 25. Nxc3 Bxf3+ 26. Qxf3 Rfd8 27. Ne4 Rxd2 28. Rxd2 Nxe4 29. Qxe4 a5 30. Rd4 Rd8 31. Rxd8+ Qxd8 32. Qc6 g5 33. hxg5 hxg5 34. a3 Qd3 35. Qxb6 Qe4+ 36. Kf1 Qd3+ 37. Ke1 a4 38. bxa4 Qc3+ 39. Kd1 Qd3+ 40. Kc1 Qxc4+ 41. Kb2 Qxa4 42. Qb4 Qa7 43. Qd2 g4 44. Qf4 f5 45. a4 Kf7 46. Kc3 Qc5+ 47. Kd3 Kg6 48. Qd4 Qc6 49. Qa7 Qe4+ 50. Kc3 Qe1+ 51. Kc4 Qe2+ 52. Kb3 e5 53. Qb6+ Kh5 54. a5 f4 55. a6 fxg3 56. fxg3 Qd3+ 57. Ka4 Qxg3 58. a7 Qf3 59. Qb8 Qd1+ 60. Kb5 Qb1+ 61. Kc6 Qc2+ 62. Kd7 Qh7+ 63. Kd8 Qd3+ 64. Ke7 Qh7+ 65. Kd6 Qh6+ 66. Kc5 Qe3+ 67. Kb4 Qd2+ 68. Kb5 Qd3+ 69. Ka5 Qa3+ 70. Kb6 Qb3+ 71. Kc5 Qe3+ 72. Kb5 Qd3+ 73. Kb6 Qb3+ 74. Kc7 Qc2+ 75. Kd8 Qd3+ 76. Ke7 Qh7+ 77. Kf6 Qh6+ 78. Kf5 Qf4+ 79. Ke6 Qh6+ 80. Kxe5 Qe3+ 81. Kf5 Qd3+ 82. Kf6 Qf3+ 83. Ke6 Qc6+ 84. Qd6 Qe8+ 85. Qe7 Qc6+ 86. Ke5 Qc3+ 87. Kd5 Qb3+ 88. Kc6 Qa4+ 89. Kb6 Qb3+ 90. Ka5 Qa2+ 91. Kb5 Qb3+ 92. Qb4 Qd3+ 93. Qc4 Qd7+ 94. Kb6 Qd8+ 95. Qc7 Qf6+ 96. Qc6 Qd8+ 97. Ka6 1-0

[Event "Gibraltar Masters 17th"]
[Site "Caleta"]
[Date "2019.01.23"]
[Round "2"]
[White "Jones, Gawain C B"]
[Black "Sprenger, Jan Michael"]
[Result "1-0"]
[WhiteElo "2691"]
[BlackElo "2498"]
[PlyCount "127"]
[EventDate "2019.01.22"]
[EventType "swiss"]
[EventRounds "10"]
[EventCountry "GGB"]
[SourceTitle "CBM 188 Extra"]
[Source "ChessBase"]
[SourceDate "2019.02.28"]
[SourceVersion "1"]
[SourceVersionDate "2019.02.28"]
[SourceQuality "1"]

1. e4 c5 2. Nf3 Nc6 3. Bb5 d6 4. Bxc6+ bxc6 5. 0-0 e5 6. c3 Bg4 7. d4 cxd4 8. cxd4 Bxf3 9. Qxf3 exd4 10. e5 d5 11. Qg4 Qd7 12. Qxd4 Ne7 13. Re1 Nf5 14. Qg4 Be7 15. Bg5 h5 16. Qf4 Bxg5 17. Qxg5 Nd4 18. Nd2 Qg4 19. Qe3 Ne6 20. Rac1 c5 21. Rxc5 d4 22. Qa3 0-0 23. Rc4 Rac8 24. Qg3 Qf5 25. Rec1 Rxc4 26. Nxc4 Rc8 27. b3 Qe4 28. Qf3 Qxf3 29. gxf3 Nf4 30. Kf1 Rc6 31. Re1 g5 32. h4 Kg7 33. Re4 d3 34. hxg5 d2 35. Rd4 h4 36. Rxd2 h3 37. Kg1 Rg6 38. Kh2 Rxg5 39. Ne3 Rxe5 40. Rd4 Ne6 41. Rd5 Ng5 42. f4 Rxd5 43. Nxd5 Ne4 44. Kxh3 Nxf2+ 45. Kg3 Nd3 46. Kf3 Kg6 47. Ke3 Nc5 48. b4 Nb7 49. Ke4 a5 50. bxa5 Nxa5 51. Ke5 Nc4+ 52. Kd4 Na3 53. Ne3 Nb5+ 54. Kc4 Nd6+ 55. Kc5 Ne4+ 56. Kc6 Nc3 57. a3 Kh5 58. Nd5 Ne2 59. Kc5 Kg4 60. a4 Nxf4 61. Nxf4 Kxf4 62. a5 f5 63. a6 Ke3 64. a7 1-0

[Event "Bundesliga 1819"]
[Site "Germany"]
[Date "2018.11.24"]
[Round "3.1"]
[White "Sprenger, Jan Michael"]
[Black "Leko, Peter"]
[Result "1/2-1/2"]
[WhiteElo "2490"]
[BlackElo "2679"]
[PlyCount "73"]
[EventDate "2018.11.10"]
[EventType "team-tourn"]
[EventRounds "15"]
[EventCountry "GER"]
[SourceTitle "CBM 187 Extra"]
[Source "ChessBase"]
[SourceDate "2018.11.04"]
[SourceVersion "1"]
[SourceVersionDate "2018.11.04"]
[SourceQuality "1"]
[WhiteTeam "Berlin SF"]
[BlackTeam "Deizisau"]
[WhiteTeamCountry "GER"]
[BlackTeamCountry "GER"]

1. e4 e5 2. Nf3 Nc6 3. Bb5 Nf6 4. 0-0 Nxe4 5. Re1 Nd6 6. Nxe5 Be7 7. Bf1 Nf5 8. Nf3 0-0 9. d4 d5 10. c3 Re8 11. Bd3 Bd6 12. Rxe8+ Qxe8 13. Nbd2 Bd7 14. Nf1 f6 15. h3 Qf7 16. Qc2 g6 17. Bd2 Re8 18. Re1 Rxe1 19. Nxe1 Nce7 20. Nf3 c6 21. Qb3 Bc8 22. Ne3 Nxe3 23. Bxe3 Kg7 24. Qd1 Bf5 25. Ne1 g5 26. Be2 Bg6 27. g4 h6 28. Nf3 Qe6 29. Nd2 Bh7 30. Nf1 Ng6 31. Bd3 Nh4 32. Bxh7 Kxh7 33. Qd3+ f5 34. Ng3 Nf3+ 35. Kf1 Nh4 36. Nxf5 Nxf5 37. gxf5 1/2-1/2

[Event "EU-Cup 34th"]
[Site "Porto Carras"]
[Date "2018.10.15"]
[Round "4.1"]
[White "Sprenger, Jan Michael"]
[Black "Paravyan, David"]
[Result "0-1"]
[WhiteElo "2486"]
[BlackElo "2629"]
[PlyCount "90"]
[EventDate "2018.10.12"]
[EventType "team-swiss"]
[EventRounds "7"]
[EventCountry "GRE"]
[SourceTitle "CBM 187"]
[Source "ChessBase"]
[SourceDate "2018.12.11"]
[SourceVersion "1"]
[SourceVersionDate "2018.12.11"]
[SourceQuality "1"]
[WhiteTeam "Berlin SF"]
[BlackTeam "Molodezhka"]
[WhiteTeamCountry "GER"]
[BlackTeamCountry "RUS"]

1. e4 c5 2. Nf3 d6 3. d4 cxd4 4. Nxd4 Nf6 5. Nc3 a6 6. h3 e5 7. Nb3 Be7 8. Be3 h6 9. g4 Nbd7 10. Qd2 b5 11. a4 Bb7 12. Bg2 b4 13. Nd5 Nxd5 14. exd5 a5 15. c3 bxc3 16. Qxc3 Bg5 17. Bxg5 hxg5 18. 0-0 0-0 19. Rac1 Qb6 20. Qc7 Rfd8 21. Nd2 Rac8 22. Qxb6 Nxb6 23. Rxc8 Rxc8 24. Ne4 Bxd5 25. Nxd6 Rc2 26. Rd1 Bxg2 27. Kxg2 Rxb2 28. Nf5 Kh7 29. Rd8 e4 30. Rf8 Nd5 31. Kg3 Kg6 32. Rg8 Rb3+ 33. Kh2 Rf3 34. Kg1 e3 35. fxe3 Nxe3 36. Ne7+ Kf6 37. Nc6 Rxh3 38. Rd8 Nxg4 39. Rd6+ Kf5 40. Rd5+ Kf4 41. Rxa5 Ra3 42. Kf1 Ra2 43. Nb4 Ne3+ 44. Kg1 Rg2+ 45. Kh1 Rd2 0-1

[Event "Bundesliga 1718"]
[Site "Germany"]
[Date "2018.05.01"]
[Round "15.4"]
[White "Sprenger, Jan Michael"]
[Black "Nyback, Tomi"]
[Result "0-1"]
[WhiteElo "2513"]
[BlackElo "2572"]
[PlyCount "124"]
[EventDate "2017.10.21"]
[EventType "team-tourn"]
[EventRounds "15"]
[EventCountry "GER"]
[SourceTitle "CBM 184"]
[Source "ChessBase"]
[SourceDate "2018.05.16"]
[SourceVersion "1"]
[SourceVersionDate "2018.05.16"]
[SourceQuality "1"]
[WhiteTeam "Berlin SF"]
[BlackTeam "Werder Bremen"]
[WhiteTeamCountry "GER"]
[BlackTeamCountry "GER"]

1. e4 e5 2. Nf3 Nc6 3. Bb5 a6 4. Ba4 Nf6 5. 0-0 Be7 6. Re1 b5 7. Bb3 d6 8. c3 0-0 9. h3 Bb7 10. d4 Re8 11. Ng5 Rf8 12. Nf3 Re8 13. Nbd2 Nd7 14. Nf1 exd4 15. cxd4 Na5 16. Bc2 c5 17. d5 Nc4 18. b3 Bf6 19. Rb1 Nce5 20. Nxe5 Nxe5 21. Ne3 Bc8 22. Kh2 Bd7 23. Bd2 Ng6 24. g3 Be5 25. Nf5 Bxf5 26. exf5 Nf8 27. f4 Bd4 28. Qf3 Ra7 29. g4 Rae7 30. Rxe7 Rxe7 31. g5 Qe8 32. Bd3 f6 33. h4 Nd7 34. Kg2 Nb6 35. Kf1 c4 36. Bc2 c3 37. Be1 b4 38. Bf2 Bxf2 39. Kxf2 Qb5 40. Re1 Qc5+ 41. Kf1 Rxe1+ 42. Kxe1 Qg1+ 43. Ke2 Qh2+ 44. Qf2 Qxf2+ 45. Kxf2 Nxd5 46. Kf3 Nb6 47. Ke4 Kf7 48. Kd4 Ke7 49. Bd3 Kd7 50. Bc2 Kc6 51. Be4+ d5 52. Bc2 Kd6 53. Bd3 Nd7 54. Bc2 Nb8 55. Bd3 Nc6+ 56. Ke3 a5 57. Bc2 Kc5 58. Bd3 Ne7 59. Bc2 d4+ 60. Kf3 Nd5 61. Bd3 Ne3 62. Ke2 Ng2 0-1

[Event "Bundesliga 1718"]
[Site "Germany"]
[Date "2018.04.30"]
[Round "14.7"]
[White "Sprenger, Jan Michael"]
[Black "Maiwald, Jens Uwe"]
[Result "1/2-1/2"]
[WhiteElo "2513"]
[BlackElo "2452"]
[PlyCount "51"]
[EventDate "2017.10.21"]
[EventType "team-tourn"]
[EventRounds "15"]
[EventCountry "GER"]
[SourceTitle "CBM 184"]
[Source "ChessBase"]
[SourceDate "2018.05.16"]
[SourceVersion "1"]
[SourceVersionDate "2018.05.16"]
[SourceQuality "1"]
[WhiteTeam "Berlin SF"]
[BlackTeam "Dresden"]
[WhiteTeamCountry "GER"]
[BlackTeamCountry "GER"]

1. e4 d6 2. d4 Nf6 3. Nc3 e5 4. Nf3 Nbd7 5. Bc4 Be7 6. a4 0-0 7. 0-0 a6 8. Re1 b6 9. d5 a5 10. Bb5 Nc5 11. Nd2 Nfd7 12. Nc4 Bg5 13. Bc6 Rb8 14. Bxg5 Qxg5 15. Nb5 Na6 16. Na7 Ndc5 17. Nxc8 Rbxc8 18. Bb5 f5 19. Nd2 fxe4 20. Bxa6 Nxa6 21. Nxe4 Qf5 22. c3 Nc5 23. f3 Nxe4 24. Rxe4 Rf7 25. b4 Ra8 26. Qe2 1/2-1/2

[Event "Bundesliga 1718"]
[Site "Germany"]
[Date "2018.02.25"]
[Round "10.2"]
[White "Sprenger, Jan Michael"]
[Black "Meier, Georg"]
[Result "1/2-1/2"]
[WhiteElo "2513"]
[BlackElo "2655"]
[PlyCount "44"]
[EventDate "2017.10.21"]
[EventType "team-tourn"]
[EventRounds "15"]
[EventCountry "GER"]
[SourceTitle "CBM 183"]
[Source "ChessBase"]
[SourceDate "2018.03.14"]
[SourceVersion "1"]
[SourceVersionDate "2018.03.14"]
[SourceQuality "1"]
[WhiteTeam "Berlin SF"]
[BlackTeam "Deizisau"]
[WhiteTeamCountry "GER"]
[BlackTeamCountry "GER"]

1. e4 e6 2. d4 d5 3. Nd2 c5 4. exd5 Qxd5 5. Ngf3 cxd4 6. Bc4 Qd7 7. 0-0 Nc6 8. Nb3 Nf6 9. Nbxd4 Nxd4 10. Nxd4 a6 11. Bg5 Qc7 12. Qe2 Be7 13. Rfe1 0-0 14. Bb3 Re8 15. Rad1 Bd7 16. Qf3 b5 17. Nf5 exf5 18. Rxe7 Rxe7 19. Qxa8+ Re8 20. Qf3 Ne4 21. Bf4 Qc8 22. c3 Be6 1/2-1/2

[Event "NED-chT 1718"]
[Site "Netherlands"]
[Date "2017.11.04"]
[Round "3.6"]
[White "Sprenger, Jan Michael"]
[Black "Burg, Twan"]
[Result "0-1"]
[WhiteElo "2514"]
[BlackElo "2511"]
[PlyCount "58"]
[EventDate "2017.09.16"]
[EventType "team-tourn"]
[EventRounds "9"]
[EventCountry "NED"]
[SourceTitle "EXT 2019"]
[Source "ChessBase"]
[SourceDate "2018.10.10"]
[SourceVersion "1"]
[SourceVersionDate "2018.10.10"]
[SourceQuality "1"]
[WhiteTeam "Leiden LSG"]
[BlackTeam "Calder HMC"]
[WhiteTeamCountry "NED"]
[BlackTeamCountry "NED"]

1. e4 c5 2. Nf3 d6 3. d4 cxd4 4. Nxd4 Nf6 5. Nc3 a6 6. h3 e5 7. Nb3 Be7 8. Be3 Be6 9. Qf3 0-0 10. 0-0-0 b5 11. g4 b4 12. Nd5 a5 13. Bb6 Qe8 14. Nc7 Qc6 15. Nxa8 a4 16. Nd2 Bxa2 17. Ba5 b3 18. c3 Qxa8 19. Bb4 a3 20. bxa3 Nc6 21. Kb2 Qa4 22. Nc4 Nxb4 23. cxb4 Ra8 24. g5 d5 25. exd5 Bxb4 26. gxf6 Bxa3+ 27. Ka1 b2+ 28. Nxb2 Qc2 29. Na4 Rxa4 0-1

[Event "CRO-chT1B 26th"]
[Site "Mali Losinj"]
[Date "2017.10.03"]
[Round "6.42"]
[White "Popovic, Dusan"]
[Black "Sprenger, Jan Michael"]
[Result "1/2-1/2"]
[WhiteElo "2528"]
[BlackElo "2514"]
[PlyCount "160"]
[EventDate "2017.09.28"]
[EventType "team-tourn"]
[EventRounds "9"]
[EventCountry "CRO"]
[SourceTitle "EXT 2018"]
[Source "ChessBase"]
[SourceDate "2017.10.13"]
[SourceVersion "1"]
[SourceVersionDate "2017.10.13"]
[SourceQuality "1"]
[WhiteTeam "Djakovo Limmont"]
[BlackTeam "Split Brda"]
[WhiteTeamCountry "CRO"]
[BlackTeamCountry "CRO"]

1. e4 c5 2. Nf3 e6 3. d3 Nc6 4. g3 d5 5. Qe2 Nf6 6. Bg2 Be7 7. 0-0 0-0 8. e5 Ne8 9. c4 Nc7 10. Nc3 Nd4 11. Nxd4 cxd4 12. Nb1 b5 13. cxd5 Nxd5 14. Nd2 Bb7 15. Be4 Qb6 16. Nf3 h6 17. a4 bxa4 18. Rxa4 Nb4 19. Bd2 Rfd8 20. Rfa1 a6 21. h4 Bxe4 22. Qxe4 Rd5 23. g4 a5 24. g5 h5 25. g6 Rf8 26. Bxb4 Bxb4 27. Ng5 f6 28. Nf7 Qc6 29. Qe2 Rxf7 30. gxf7+ Kxf7 31. Qxh5+ Kg8 32. Rxb4 axb4 33. Ra7 Qc1+ 34. Kg2 Qh6 35. Qf7+ Kh8 36. Ra8+ Kh7 37. Qg8+ Kg6 38. exf6 Rg5+ 39. Kh3 Rh5 40. Qxg7+ Qxg7 41. fxg7 Kxg7 42. Rb8 Rc5 43. Rxb4 Rc2 44. Kg3 Rd2 45. Rxd4 Rxb2 46. Rg4+ Kf6 47. Kf3 Rb3 48. Ke3 Rb1 49. Rf4+ Kg6 50. d4 Re1+ 51. Kf3 Ra1 52. Re4 Kf6 53. Kg2 Ra3 54. h5 Ra5 55. Rh4 Kg5 56. Rh1 Kh6 57. Kg3 Rd5 58. Rh4 e5 59. dxe5 Rxe5 60. Rh1 Rg5+ 61. Kf4 Rg8 62. f3 Rf8+ 63. Kg3 Rg8+ 64. Kf2 Rf8 65. Rh4 Rf5 66. Ke3 Re5+ 67. Kd4 Ra5 68. f4 Ra4+ 69. Ke5 Ra5+ 70. Ke4 Ra4+ 71. Kf5 Ra5+ 72. Kg4 Ra8 73. Rh2 Rg8+ 74. Kf3 Rf8 75. Rh1 Ra8 76. Rh2 Rf8 77. Kg4 Rg8+ 78. Kf5 Rf8+ 79. Ke4 Re8+ 80. Kf3 Rf8 1/2-1/2